[Event "21st Abu Dhabi Masters 2014"]
[Site "Abu Dhabi UAE"]
[Date "2014.08.27"]
[Round "8.22"]
[White "Raetsky, Alexander"]
[Black "Zayan, Osama"]
[Result "1-0"]
[WhiteTitle "GM"]
[WhiteElo "2426"]
[BlackElo "2208"]
[WhiteFideId "4103203"]
[BlackFideId "10601180"]
[EventDate "2014.08.20"]

1. e4 e5 2. Nf3 Nc6 3. Bb5 f5 4. d3 fxe4 5. dxe4 Nf6 6. O-O Bc5 7. Qd3 d6 8. Qc4
Bb6 9. Nc3 Bd7 10. Ng5 Qe7 11. Nd5 Nxd5 12. exd5 Nd8 13. Bxd7+ Qxd7 14. a4 a5
15. Qe4 g6 16. Ra3 Qg7 17. Rf3 Rf8 18. Be3 Rxf3 19. Qxf3 Ra6 20. Qh3 h6 21. Ne4
g5 22. Qc8 Qe7 23. h4 1-0

[Event "21st Abu Dhabi Masters 2014"]
[Site "Abu Dhabi UAE"]
[Date "2014.08.27"]
[Round "8.23"]
[White "Gagare, Shardul"]
[Black "Lorparizangeneh, Shahin"]
[Result "1/2-1/2"]
[WhiteTitle "IM"]
[BlackTitle "FM"]
[WhiteElo "2421"]
[BlackElo "2277"]
[WhiteFideId "5037883"]
[BlackFideId "12521604"]
[EventDate "2014.08.20"]

1. d4 d5 2. c4 c6 3. Nf3 Nf6 4. Nc3 e6 5. e3 Nbd7 6. Bd3 dxc4 7. Bxc4 b5 8. Bd3
Bb7 9. O-O b4 10. Na4 c5 11. dxc5 Bxc5 12. Nxc5 Nxc5 13. Bb5+ Ke7 14. Qe2 Qb6
15. Bd2 a5 16. Rfd1 Nfe4 17. Bc4 Rhc8 18. Rac1 Nd6 19. Ne5 f6 20. Qg4 Rg8 21.
Nd3 Nxc4 22. Qxc4 Nxd3 23. Qxd3 Rgd8 24. Qxh7 Kf7 25. Rc4 Rh8 26. Qc2 Rac8 27.
Be1 Rxc4 28. Qxc4 Qc6 29. Qxc6 Bxc6 30. Rc1 Rc8 31. f3 Bd7 32. Rd1 Bb5 33. a3
Rc2 34. axb4 axb4 35. Bxb4 Rxb2 1/2-1/2

[Event "21st Abu Dhabi Masters 2014"]
[Site "Abu Dhabi UAE"]
[Date "2014.08.27"]
[Round "8.24"]
[White "Kryvoruchko, Vita"]
[Black "Ramnath Bhuvanesh, R"]
[Result "0-1"]
[WhiteTitle "WGM"]
[BlackTitle "IM"]
[WhiteElo "2185"]
[BlackElo "2420"]
[WhiteFideId "14108917"]
[BlackFideId "5026598"]
[EventDate "2014.08.20"]

1. e4 c5 2. Nf3 Nc6 3. d4 cxd4 4. Nxd4 e5 5. Nb5 d6 6. c4 Be7 7. N1c3 a6 8. Na3
f5 9. Nc2 Nf6 10. Bd3 f4 11. g3 O-O 12. gxf4 exf4 13. Bxf4 Ng4 14. Bg3 Nxf2 15.
Bxf2 Rxf2 16. Qh5 Ne5 17. Be2 Rxe2+ 18. Qxe2 Bg4 19. Qe3 Bh4+ 20. Kf1 Qf6+ 21.
Kg1 Qg6 22. Nd5 Bf3+ 0-1

[Event "21st Abu Dhabi Masters 2014"]
[Site "Abu Dhabi UAE"]
[Date "2014.08.27"]
[Round "8.25"]
[White "Karavade, Eesha"]
[Black "Gadimbayli, Abdulla"]
[Result "1-0"]
[WhiteTitle "IM"]
[BlackTitle "FM"]
[WhiteElo "2392"]
[BlackElo "2162"]
[WhiteFideId "5012600"]
[BlackFideId "13404938"]
[EventDate "2014.08.20"]

1. c4 c6 2. Nf3 d5 3. g3 Nf6 4. Bg2 Bg4 5. Ne5 Be6 6. cxd5 Bxd5 7. Nf3 c5 8. Nc3
Bc6 9. d3 Nbd7 10. O-O e6 11. e4 Be7 12. Qe2 e5 13. Nh4 O-O 14. Nf5 Re8 15. f4
Bf8 16. Bd2 Qb6 17. Be3 Rad8 18. Kh1 Qa6 19. Rad1 b5 20. fxe5 Nxe5 21. d4 Neg4
22. Bg5 Bb7 23. Qxb5 Qxb5 24. Nxb5 Nxe4 25. Bxd8 Nef2+ 26. Kg1 Bxg2 27. Rxf2
Nxf2 28. Kxf2 Bh3 29. Ne7+ Bxe7 30. Bxe7 Rxe7 31. dxc5 g6 32. Rd8+ Kg7 33. c6
Bg4 34. Rd2 Re5 35. a4 Rf5+ 36. Ke3 Rc5 37. Nxa7 Be6 38. b4 Re5+ 39. Kd4 1-0

[Event "21st Abu Dhabi Masters 2014"]
[Site "Abu Dhabi UAE"]
[Date "2014.08.27"]
[Round "8.26"]
[White "Dimakiling, Oliver"]
[Black "Hakimifard, Ghazal"]
[Result "1-0"]
[WhiteTitle "IM"]
[BlackTitle "WIM"]
[WhiteElo "2371"]
[BlackElo "2232"]
[WhiteFideId "5202248"]
[BlackFideId "12506540"]
[EventDate "2014.08.20"]

1. c4 e5 2. Nc3 Nf6 3. e3 Bb4 4. Qb3 Nc6 5. Nf3 a5 6. a3 Bxc3 7. Qxc3 e4 8. Ne5
Ne7 9. h3 O-O 10. Ng4 Nxg4 11. hxg4 d6 12. Be2 Ng6 13. f4 exf3 14. gxf3 d5 15.
b3 c6 16. Bb2 f6 17. f4 Rf7 18. cxd5 cxd5 19. Qd3 b6 20. Bf3 Bb7 21. Kf2 Nf8 22.
Rh5 Rd7 23. g5 fxg5 24. Rxg5 Ra7 25. Rag1 Ne6 26. Rh5 Nf8 27. Bg4 Rf7 28. Bf5
Bc6 29. Bxh7+ Nxh7 30. Qxh7+ Kf8 31. Bxg7+ 1-0

[Event "21st Abu Dhabi Masters 2014"]
[Site "Abu Dhabi UAE"]
[Date "2014.08.27"]
[Round "8.27"]
[White "Hejazipour, Mitra"]
[Black "Mohammad, Samir"]
[Result "0-1"]
[WhiteTitle "WIM"]
[BlackTitle "FM"]
[WhiteElo "2269"]
[BlackElo "2369"]
[WhiteFideId "12505951"]
[BlackFideId "7600372"]
[EventDate "2014.08.20"]

1. d4 d6 2. Nf3 Nf6 3. c4 g6 4. g3 Bg7 5. Bg2 O-O 6. Nc3 Nc6 7. O-O a6 8. Bf4
Bf5 9. Qd2 Ne4 10. Nxe4 Bxe4 11. d5 Bxf3 12. Bxf3 Ne5 13. Bxe5 Bxe5 14. Rac1 b6
15. Bg2 a5 16. f4 Bg7 17. e4 Qd7 18. Rfe1 Rae8 19. e5 dxe5 20. fxe5 f6 21. e6
Qd6 22. Qf4 f5 23. Qxd6 cxd6 24. Re2 f4 25. Rf1 fxg3 26. hxg3 Be5 27. g4 Kg7 28.
Rf7+ Rxf7 29. exf7 Kxf7 30. Rf2+ Kg7 31. Kf1 a4 32. Be4 Bd4 33. Rd2 Rf8+ 34. Ke2
Rf2+ 35. Kd3 Rxd2+ 36. Kxd2 Bxb2 37. Bc2 a3 38. Ke3 Kf6 39. Kf3 Ke5 40. Bb3 Bc1
41. Bc2 Bg5 42. Bb3 Kd4 43. Kg3 h5 44. gxh5 gxh5 45. Kf3 Bf6 46. Kg3 h4+ 47. Kh3
Kc5 48. Kg4 b5 49. cxb5 Kxb5 50. Kf5 Kc5 51. Ke4 h3 52. Bd1 Kc4 53. Be2+ Kc3 54.
Bf1 h2 55. Bg2 Kd2 56. Kf3 Kd3 57. Kf2 Bh4+ 58. Kf3 Be1 59. Bh1 Bh4 60. Bg2 Bf6
61. Kf2 Bd4+ 62. Kf3 Bc5 63. Bh1 Kd2 64. Bg2 Bd4 65. Bh1 Ke1 66. Bg2 Bf2 67. Kg4
Ke2 68. Kh3 Bg1 69. Kg3 Ke3 70. Bh1 Kd3 71. Kf3 Bd4 72. Bg2 Kd2 73. Bh1 Ke1 74.
Bg2 Be5 75. Ke3 Bf6 76. Kf3 Bh4 77. Ke3 Bg3 78. Kf3 Bf2 79. Kg4 Ke2 80. Kh3 Bg1
81. Kg3 Ke3 82. Bh1 Kd4 83. Kf4 Kc4 84. Bg2 Bf2 85. Kf5 Bg3 86. Ke4 e6 87. dxe6
d5+ 88. Ke3 d4+ 89. Kd2 Bf4+ 90. Kd1 Bg5 91. Kc2 d3+ 92. Kd1 Kc3 93. Bh1 Be7 94.
Bg2 Bb4 95. Bh1 Kd4 96. Bg2 Ke5 0-1

[Event "21st Abu Dhabi Masters 2014"]
[Site "Abu Dhabi UAE"]
[Date "2014.08.27"]
[Round "8.28"]
[White "Derakhshani, Dorsa"]
[Black "Pourkashiyan, Atousa"]
[Result "1/2-1/2"]
[WhiteTitle "WFM"]
[BlackTitle "WGM"]
[WhiteElo "2169"]
[BlackElo "2352"]
[WhiteFideId "12500330"]
[BlackFideId "12502014"]
[EventDate "2014.08.20"]

1. e4 c5 2. Nf3 d6 3. d4 cxd4 4. Nxd4 Nf6 5. Nc3 a6 6. Be3 e5 7. Nb3 Be6 8. h3
Nbd7 9. g4 h6 10. f4 exf4 11. Bxf4 Nh5 12. Be3 Ng3 13. Rh2 Nxf1 14. Kxf1 Be7 15.
Nd5 Bh4 16. Nd4 O-O 17. Nf5 Ne5 18. Bb6 Qd7 19. Nxh4 Qb5+ 20. Qe2 Qxb2 21. Rd1
Bxd5 22. Bd4 Qxa2 23. exd5 Qxd5 24. Bxe5 Qxe5 25. Qxe5 dxe5 26. c4 Rfc8 27. Rb2
Rxc4 28. Rxb7 h5 29. Rdd7 Rf4+ 30. Ke2 hxg4 31. Ng2 Re4+ 32. Kd3 Rd4+ 33. Rxd4
exd4 34. hxg4 a5 35. Rb3 a4 36. Ra3 Kh7 37. Kxd4 Kg6 38. Ke4 Kg5 39. Kf3 g6 40.
Nf4 f5 41. Ne6+ Kf6 42. gxf5 gxf5 43. Nc5 Ra5 1/2-1/2

[Event "21st Abu Dhabi Masters 2014"]
[Site "Abu Dhabi UAE"]
[Date "2014.08.27"]
[Round "8.29"]
[White "Al-Halila, Ayman"]
[Black "Sunilduth Lyna, Narayanan"]
[Result "0-1"]
[WhiteTitle "IM"]
[WhiteElo "2161"]
[BlackElo "2414"]
[WhiteFideId "9400168"]
[BlackFideId "5058422"]
[EventDate "2014.08.20"]

1. Nf3 Nf6 2. c4 c5 3. e3 g6 4. b3 Bg7 5. Bb2 O-O 6. Be2 b6 7. O-O Bb7 8. Nc3
Nc6 9. d4 cxd4 10. Nxd4 Nxd4 11. exd4 d5 12. Bf3 Qd7 13. Qe2 dxc4 14. Bxb7 Qxb7
15. bxc4 e6 16. Nd1 Rac8 17. Ne3 Qe4 18. Rfd1 Rfd8 19. f3 Qf4 20. g3 Qc7 21.
Rac1 Re8 22. Kg2 Qb7 23. Qf2 b5 24. d5 bxc4 25. Nxc4 Qa6 26. Ne5 Nxd5 27. Bd4
Qa3 28. Rxc8 Rxc8 29. Ng4 h5 30. Bxg7 hxg4 31. Rxd5 exd5 32. Bd4 Qd3 0-1

[Event "21st Abu Dhabi Masters 2014"]
[Site "Abu Dhabi UAE"]
[Date "2014.08.27"]
[Round "8.30"]
[White "Kaboodi, Behrang"]
[Black "Al-Zendani, Zendan"]
[Result "1-0"]
[BlackTitle "IM"]
[WhiteElo "2060"]
[BlackElo "2338"]
[WhiteFideId "12504955"]
[BlackFideId "9400249"]
[EventDate "2014.08.20"]

1. d4 Nf6 2. Bf4 e6 3. e3 d5 4. Nf3 c5 5. c3 Nc6 6. Nbd2 Bd6 7. Bg3 O-O 8. Bd3
b6 9. Ne5 Bb7 10. f4 Ne7 11. Qf3 Ne8 12. Bh4 f6 13. Qh3 Nf5 14. g4 Nxh4 15. Qxh4
g6 16. Nef3 Qe7 17. O-O-O c4 18. Bc2 b5 19. f5 exf5 20. gxf5 g5 21. Rhg1 Kh8 22.
Qf2 Rg8 23. h4 g4 24. Ne1 b4 25. Nb1 a5 26. Ng2 a4 27. cxb4 Bxb4 28. a3 Ba5 29.
Nf4 Nd6 30. h5 c3 31. bxc3 Nc4 32. Rd3 g3 33. Qf3 Rab8 34. Qh1 Bc6 35. Ng6+ hxg6
36. hxg6+ Kg7 37. Qh7+ Kf8 38. Rxg3 Qxh7 39. gxh7 Rh8 40. Rg6 Kf7 41. e4 dxe4
42. Rh3 Nd6 43. Rhh6 Bd8 44. Bd1 Nxf5 45. Bh5 Kf8 46. Rxf6+ Bxf6 47. Rxf6+ Ke7
48. Rxf5 Rxh7 49. Nd2 Rbh8 50. Bg6 Rh1+ 51. Kc2 R8h2 52. Re5+ Kd6 53. Bxe4 Bxe4+
54. Rxe4 Ra1 55. Kd3 Rd1 56. Re2 Rhh1 57. Kc4 Ra1 58. Ne4+ Kc6 59. d5+ Kb7 60.
Rb2+ Kc7 61. Kc5 1-0

[Event "21st Abu Dhabi Masters 2014"]
[Site "Abu Dhabi UAE"]
[Date "2014.08.27"]
[Round "8.31"]
[White "Ayyad, Husain"]
[Black "Siva, Mahadevan"]
[Result "1-0"]
[WhiteTitle "FM"]
[WhiteElo "2146"]
[BlackElo "2173"]
[WhiteFideId "11200243"]
[BlackFideId "25043153"]
[EventDate "2014.08.20"]

1. e4 c5 2. Nf3 d6 3. d4 cxd4 4. Qxd4 Nc6 5. Bb5 Bd7 6. Bxc6 Bxc6 7. Nc3 Nf6 8.
Bg5 e6 9. O-O-O Be7 10. Qd3 O-O 11. Nd4 Qc7 12. f4 a6 13. f5 Nxe4 14. Bxe7 Nc5
15. Qg3 Qxe7 16. Rhf1 Rfd8 17. f6 Qf8 18. Nxc6 bxc6 19. b4 Nb7 20. Rd4 g6 21.
Rh4 Kh8 22. Rff4 h5 23. Qg5 Kh7 24. Rxh5+ gxh5 25. Rh4 1-0

[Event "21st Abu Dhabi Masters 2014"]
[Site "Abu Dhabi UAE"]
[Date "2014.08.27"]
[Round "8.32"]
[White "Marwan, Abdulwahab"]
[Black "Hesham, Abdelrahman"]
[Result "1-0"]
[WhiteTitle "FM"]
[BlackTitle "IM"]
[WhiteElo "2070"]
[BlackElo "2387"]
[WhiteFideId "9301410"]
[BlackFideId "10600183"]
[EventDate "2014.08.20"]

1. e4 c5 2. Nc3 d6 3. g3 Nc6 4. Bg2 g6 5. Nge2 Bg7 6. d3 Rb8 7. a4 a6 8. Be3 b5
9. axb5 axb5 10. d4 b4 11. Na4 cxd4 12. Nxd4 Bd7 13. O-O Qc7 14. h3 Nf6 15. c4
Nxd4 16. Bxd4 e5 17. Be3 O-O 18. b3 Bc6 19. c5 Bxe4 20. Qxd6 Qa5 21. Nc3 Qxa1
22. Rxa1 bxc3 23. Bxe4 Nxe4 24. Qd3 Nd2 25. Bxd2 e4 26. Qc2 cxd2 27. Rd1 Rb4 28.
Rxd2 1-0

[Event "21st Abu Dhabi Masters 2014"]
[Site "Abu Dhabi UAE"]
[Date "2014.08.27"]
[Round "8.33"]
[White "Tissir, Mohamed"]
[Black "Sultan, Ibrahim"]
[Result "1-0"]
[WhiteTitle "IM"]
[BlackTitle "FM"]
[WhiteElo "2366"]
[BlackElo "2023"]
[WhiteFideId "9000240"]
[BlackFideId "9301143"]
[EventDate "2014.08.20"]

1. e4 c5 2. Nf3 d6 3. d4 cxd4 4. Nxd4 Nf6 5. Nc3 Nc6 6. Bc4 Qb6 7. Nb3 e6 8. O-O
Qc7 9. f4 a6 10. Bd3 b5 11. Kh1 b4 12. Ne2 e5 13. f5 Bb7 14. Bg5 Be7 15. Ng3 Nd7
16. Bxe7 Nxe7 17. c3 bxc3 18. Rc1 d5 19. Rxc3 Qb6 20. Nh5 Kf8 21. Bb1 g6 22. f6
Ng8 23. Qg4 Rd8 24. Ng3 Ngxf6 25. Qh4 d4 26. Rcf3 Ke7 27. Nc1 h6 28. Nd3 g5 29.
Nf5+ Kf8 30. Qe1 g4 31. R3f2 Nxe4 32. Re2 Ndf6 33. Nxe5 Ng5 34. Bd3 h5 35. Qh4
Rg8 36. Nh6 Rg7 37. Nhxf7 Nxf7 38. Rxf6 Bd5 1-0

[Event "21st Abu Dhabi Masters 2014"]
[Site "Abu Dhabi UAE"]
[Date "2014.08.27"]
[Round "8.34"]
[White "Laabi Chian, Majid"]
[Black "Calzetta Ruiz, Monica"]
[Result "1/2-1/2"]
[BlackTitle "WGM"]
[WhiteElo "2070"]
[BlackElo "2221"]
[WhiteFideId "12500224"]
[BlackFideId "2204185"]
[EventDate "2014.08.20"]

1. d4 Nf6 2. Bf4 g6 3. e3 Bg7 4. h3 O-O 5. Nf3 d6 6. Be2 Nbd7 7. O-O b6 8. c4
Bb7 9. Nc3 Ne4 10. Nxe4 Bxe4 11. Nd2 Bb7 12. Bf3 Qc8 13. Bxb7 Qxb7 14. Nf3 c5
15. Qd2 b5 16. cxb5 Qxb5 17. Rab1 Rfc8 18. Rfc1 cxd4 19. exd4 Nf6 20. Rxc8+ Rxc8
21. Rc1 Rxc1+ 22. Qxc1 h6 23. b3 Kh7 24. Qc4 Qf5 25. Qc1 Nd5 26. Be3 a5 27. Kh2
Qd3 28. Qc4 Qe4 29. Bd2 e6 30. Bxa5 Nf4 31. Bc7 d5 32. Qc1 Ne2 33. Qe3 Qc2 34.
Be5 Qxa2 35. Bxg7 Kxg7 36. Qe5+ Kg8 37. Qb8+ Kg7 38. Qe5+ Kg8 39. Qb8+ Kg7 40.
Qe5+ 1/2-1/2

[Event "21st Abu Dhabi Masters 2014"]
[Site "Abu Dhabi UAE"]
[Date "2014.08.27"]
[Round "8.35"]
[White "Villadelgado, Joemarie"]
[Black "Ayyad, Maher"]
[Result "1/2-1/2"]
[BlackTitle "FM"]
[WhiteElo "2002"]
[BlackElo "2147"]
[WhiteFideId "5214009"]
[BlackFideId "11200235"]
[EventDate "2014.08.20"]

1. b3 Nf6 2. Bb2 g6 3. e3 Bg7 4. Be2 d5 5. d3 c5 6. Nf3 Nc6 7. O-O Qc7 8. c4
dxc4 9. bxc4 O-O 10. Qb3 Rd8 11. Nc3 Bg4 12. Rfd1 Rd7 13. h3 Bxf3 14. Bxf3 Rad8
15. Nd5 Nxd5 16. cxd5 Na5 17. Qc2 Bxb2 18. Qxb2 b6 19. e4 Qf4 20. Bg4 Rd6 21. g3
Qh6 22. Qe5 Qg7 23. Qxe7 h5 24. Bf3 Qd4 25. e5 R6d7 26. Qg5 Rxd5 27. Bxd5 Qxd5
28. Qf6 Re8 29. Re1 Re6 30. Qg5 Nc6 31. Re4 Nxe5 32. Qf4 Nxd3 33. Qb8+ Kg7 34.
Rxe6 Qxe6 35. Qxa7 Ne5 36. Qb7 Qxh3 37. Rb1 Qg4 38. Rxb6 h4 39. Rb3 h3 40. Qd5
Qh5 41. f4 c4 42. Qxe5+ Qxe5 43. fxe5 cxb3 44. axb3 g5 45. g4 Kf8 46. Kh2 Ke7
47. b4 Kd7 48. Kxh3 Kc6 49. Kg3 Kb5 50. Kf3 Kxb4 51. Ke4 Kc4 52. e6 fxe6 53. Ke5
Kd3 54. Kf6 Kd4 55. Kxg5 e5 56. Kf5 e4 57. g5 e3 58. g6 e2 59. g7 e1=Q 60. g8=Q 1/2-1/2

[Event "21st Abu Dhabi Masters 2014"]
[Site "Abu Dhabi UAE"]
[Date "2014.08.27"]
[Round "8.36"]
[White "Ahmed, Fareed"]
[Black "Fouad, Mofleh"]
[Result "1-0"]
[BlackTitle "FM"]
[WhiteElo "1899"]
[BlackElo "2128"]
[WhiteFideId "9303677"]
[BlackFideId "9400532"]
[EventDate "2014.08.20"]

1. e4 e5 2. Nf3 Nc6 3. Bb5 a6 4. Ba4 Nf6 5. d4 exd4 6. O-O Bc5 7. e5 Nd5 8. c3
Nb6 9. cxd4 Nxa4 10. Qxa4 b5 11. Qd1 Bb6 12. d5 Ne7 13. d6 cxd6 14. exd6 Nc6 15.
Re1+ Kf8 16. Nc3 h6 17. Nd5 Kg8 18. h4 Bb7 19. h5 Bc5 20. Qd3 1-0

[Event "21st Abu Dhabi Masters 2014"]
[Site "Abu Dhabi UAE"]
[Date "2014.08.27"]
[Round "8.37"]
[White "Zayed, Ali Al-hamed"]
[Black "Ram, Aravind L N"]
[Result "1/2-1/2"]
[BlackTitle "FM"]
[WhiteElo "1983"]
[BlackElo "2119"]
[WhiteFideId "9303340"]
[BlackFideId "25033760"]
[EventDate "2014.08.20"]

1. e4 c5 2. f4 Nc6 3. Nf3 d6 4. Bb5 g6 5. Bxc6+ bxc6 6. d3 Bg7 7. O-O Nf6 8. Nc3
Nd7 9. Qe1 O-O 10. Be3 Rb8 11. Rb1 e6 12. Qf2 f5 13. exf5 exf5 14. d4 cxd4 15.
Nxd4 Bxd4 16. Bxd4 c5 17. Be3 Nf6 18. Qd2 Bb7 19. Rbd1 Qe8 20. Bf2 Qc6 21. Bh4
Rbd8 22. Bxf6 Rxf6 23. Nd5 Qxd5 24. Qxd5+ Bxd5 25. Rxd5 Re6 26. Kf2 1/2-1/2

[Event "21st Abu Dhabi Masters 2014"]
[Site "Abu Dhabi UAE"]
[Date "2014.08.27"]
[Round "8.38"]
[White "Iniyan, P"]
[Black "Sameir, Ramez"]
[Result "1/2-1/2"]
[WhiteElo "2048"]
[BlackElo "2113"]
[WhiteFideId "25002767"]
[BlackFideId "10606017"]
[EventDate "2014.08.20"]

1. e4 e6 2. d4 d5 3. Nc3 Bb4 4. e5 c5 5. a3 Bxc3+ 6. bxc3 Ne7 7. h4 Qc7 8. Bd2
Nbc6 9. Nf3 f6 10. Bf4 cxd4 11. cxd4 fxe5 12. Nxe5 Nxe5 13. Qd2 N7c6 14. dxe5
O-O 15. Bg3 Bd7 16. Bd3 Qa5 17. h5 h6 18. Rh4 Qxd2+ 19. Kxd2 Rac8 20. Rb1 Na5
21. Rbb4 Rc7 22. f3 Rfc8 23. Rb1 b6 1/2-1/2

[Event "21st Abu Dhabi Masters 2014"]
[Site "Abu Dhabi UAE"]
[Date "2014.08.27"]
[Round "8.39"]
[White "Janahi, Zeyaad"]
[Black "Hojjatova, Aydan"]
[Result "0-1"]
[WhiteTitle "FM"]
[BlackTitle "WCM"]
[WhiteElo "2109"]
[BlackElo "2014"]
[WhiteFideId "11200073"]
[BlackFideId "13401491"]
[EventDate "2014.08.20"]

1. e4 c5 2. c3 d5 3. exd5 Qxd5 4. Nf3 Nf6 5. d4 e6 6. h3 Be7 7. Be3 cxd4 8. Qxd4
Nc6 9. Qxd5 Nxd5 10. Bd2 a6 11. Bc4 Nf6 12. Bg5 Ne4 13. Bxe7 Kxe7 14. Nbd2 Nxd2
15. Nxd2 Rd8 16. O-O-O b6 17. Be2 Bb7 18. Bf3 Rab8 19. Rhe1 f6 20. Nc4 b5 21.
Ne3 Ne5 22. Bxb7 Rxd1+ 23. Rxd1 Rxb7 24. Kc2 g5 25. Re1 h5 26. b3 Rc7 27. Rd1 f5
28. Rd4 Nc6 29. Rd2 f4 30. Nf1 e5 31. Kb2 Ke6 32. Re2 b4 33. Rc2 Rd7 34. Rd2
bxc3+ 35. Kxc3 Nd4 36. Kb4 Rd5 37. Kc4 Rd6 38. f3 Rc6+ 39. Kb4 Kd5 40. Rb2 Rc5
41. Nd2 Nc6+ 0-1

[Event "21st Abu Dhabi Masters 2014"]
[Site "Abu Dhabi UAE"]
[Date "2014.08.27"]
[Round "8.40"]
[White "Khouri, Ibrahim Mohamed"]
[Black "Mohammed, Tarig Elther"]
[Result "1-0"]
[WhiteTitle "FM"]
[WhiteElo "2225"]
[BlackElo "2052"]
[WhiteFideId "9301526"]
[BlackFideId "12200964"]
[EventDate "2014.08.20"]

1. e4 c5 2. Nf3 e6 3. d4 cxd4 4. Nxd4 a6 5. Bd3 b5 6. O-O Ne7 7. a4 b4 8. Nd2
Nbc6 9. Nc4 Qc7 10. Nxc6 Nxc6 11. Be3 Be7 12. Qg4 Bf6 13. Bb6 Qb8 14. Bc5 Ne5
15. Nxe5 Bxe5 16. f4 Bxb2 17. e5 d6 18. Bxd6 Qb6+ 19. Kh1 Bxa1 20. Rxa1 Bb7 21.
Qg5 f6 22. Qh5+ g6 23. Bxg6+ Kd7 24. Bd3 Bxg2+ 25. Kxg2 Rag8+ 26. Kf3 Qc6+ 27.
Ke3 Qb6+ 28. Kf3 Qc6+ 29. Be4 Qc3+ 30. Ke2 Rg7 31. Rd1 Kc8 32. Qf3 Qxf3+ 33.
Bxf3 Rf7 34. exf6 Rd8 35. Be7 Rxd1 36. Kxd1 1-0

[Event "21st Abu Dhabi Masters 2014"]
[Site "Abu Dhabi UAE"]
[Date "2014.08.27"]
[Round "8.41"]
[White "Mansour, Abbas"]
[Black "Mayed, Al-Rashedi"]
[Result "1/2-1/2"]
[BlackTitle "FM"]
[WhiteElo "1913"]
[BlackElo "1859"]
[WhiteFideId "9301402"]
[BlackFideId "9303871"]
[EventDate "2014.08.20"]

1. e4 e5 2. Nf3 Nc6 3. Bb5 a6 4. Ba4 Nge7 5. d3 g6 6. O-O Bg7 7. Nc3 O-O 8. Bg5
h6 9. Bh4 g5 10. Bg3 d6 11. Nd2 Ng6 12. Nd5 Nf4 13. Bb3 Nd4 14. Bxf4 exf4 15. c3
Nxb3 16. axb3 c6 17. Nb4 g4 18. d4 Qg5 19. Re1 h5 20. Nd3 Bh6 21. Nc4 Rd8 22.
Ra5 Qg6 23. Nb6 Rb8 24. Nxc8 Rbxc8 25. e5 d5 26. Ra1 Rc7 27. Nc5 Re8 28. Qd3 Qg5
29. e6 f6 30. h4 gxh3 31. Qxh3 Rg7 32. Rad1 1/2-1/2

[Event "21st Abu Dhabi Masters 2014"]
[Site "Abu Dhabi UAE"]
[Date "2014.08.28"]
[Round "9.1"]
[White "Kuzubov, Yuriy"]
[Black "Vidit, Santosh Gujrathi"]
[Result "1-0"]
[WhiteTitle "GM"]
[BlackTitle "GM"]
[WhiteElo "2667"]
[BlackElo "2602"]
[WhiteFideId "14112906"]
[BlackFideId "5029465"]
[EventDate "2014.08.20"]

1. d4 d5 2. c4 c6 3. Nf3 Nf6 4. Nc3 dxc4 5. a4 Bf5 6. Nh4 Bc8 7. e3 e5 8. Bxc4
exd4 9. exd4 Be7 10. O-O O-O 11. Re1 Nd5 12. Nf3 Be6 13. Qb3 Na6 14. Bd2 Nab4
15. Ne4 a5 16. Nc5 Bxc5 17. dxc5 Bf5 18. Rac1 Qc7 19. Ne5 Rfe8 20. Bxb4 Rxe5 21.
Rxe5 Qxe5 22. Re1 Qc7 23. Bc3 Qd7 24. Bxa5 Nf4 25. Qg3 Rxa5 26. Qxf4 h6 27. h3
Kh7 28. g4 Bg6 29. Qd6 Qc8 30. b3 h5 31. f3 hxg4 32. hxg4 b5 33. cxb6 1-0

[Event "21st Abu Dhabi Masters 2014"]
[Site "Abu Dhabi UAE"]
[Date "2014.08.28"]
[Round "9.2"]
[White "Gopal, G.N."]
[Black "Petrosian, Tigran L."]
[Result "0-1"]
[WhiteTitle "GM"]
[BlackTitle "GM"]
[WhiteElo "2558"]
[BlackElo "2641"]
[WhiteFideId "5015693"]
[BlackFideId "13301616"]
[EventDate "2014.08.20"]

1. e4 g6 2. d4 Bg7 3. Nc3 d6 4. Be3 a6 5. Qd2 b5 6. O-O-O Bb7 7. h4 b4 8. Nd5
Bxd5 9. exd5 Nf6 10. h5 Nxd5 11. Bh6 Bf6 12. Bc4 c6 13. Nf3 Nd7 14. hxg6 hxg6
15. Bxd5 cxd5 16. Qxb4 Rb8 17. Qa3 Qb6 18. Be3 Rxh1 19. Rxh1 Qb5 20. Bg5 Bg7 21.
Re1 Nf6 22. Nd2 Ne4 23. Nxe4 dxe4 24. Be3 f5 25. Qb3 d5 26. Rh1 Kf7 27. Qxb5
axb5 28. a3 g5 29. Bxg5 Bxd4 30. Be3 Bf6 31. c3 Rc8 32. Kd2 e5 33. Rh7+ Ke6 34.
Rb7 f4 35. Ba7 Rg8 36. Rb6+ Kf5 37. Rxb5 e3+ 38. Bxe3 fxe3+ 39. Kxe3 Rxg2 40.
Rxd5 Bh4 41. Rd7 Bxf2+ 42. Kf3 Rh2 43. Rf7+ Ke6 44. Rb7 Kf5 45. Rf7+ Ke6 46. Rb7
Bg1 47. b4 Rf2+ 48. Ke4 Rf4+ 49. Kd3 e4+ 50. Ke2 Rf2+ 51. Ke1 Ra2 52. Kf1 Bh2
53. Rh7 e3 54. Rh3 Bf4 55. b5 Kf5 56. b6 Kg4 57. Rh8 e2+ 58. Kf2 Bg3+ 0-1

[Event "21st Abu Dhabi Masters 2014"]
[Site "Abu Dhabi UAE"]
[Date "2014.08.28"]
[Round "9.3"]
[White "Karthikeyan, Murali"]
[Black "Efimenko, Zahar"]
[Result "1/2-1/2"]
[WhiteTitle "IM"]
[BlackTitle "GM"]
[WhiteElo "2462"]
[BlackElo "2641"]
[WhiteFideId "5074452"]
[BlackFideId "14107201"]
[EventDate "2014.08.20"]

1. e4 e5 2. Nf3 Nc6 3. Bb5 a6 4. Bxc6 dxc6 5. O-O f6 6. d4 exd4 7. Nxd4 c5 8.
Nb3 Qxd1 9. Rxd1 Bd7 10. a4 O-O-O 11. Nc3 Be6 12. Rxd8+ Kxd8 13. Be3 c4 14. Nc5
Bxc5 15. Bxc5 Nh6 16. a5 Kc8 17. Rd1 Nf7 18. f4 Nd8 19. Nd5 Nc6 20. Ne7+ Nxe7
21. Bxe7 c3 22. bxc3 Re8 23. Bc5 Bd7 24. Re1 Bc6 25. e5 fxe5 26. f5 h5 27. h3 e4
28. Bd4 Re7 29. g4 hxg4 30. hxg4 e3 31. Bxe3 Re4 32. g5 Bd7 33. f6 gxf6 34. gxf6
Re8 35. Kf2 1/2-1/2